000 00270nam a2200109Ia 4500
001 1276004
005 20260417160439.0
008 260417s9999 xx 000 0 und d
020 _a9786256698178
245 0 _aŞimdi Olmaz Nur!
_cFarhana Islam
260 _bKetebe Çocuk
999 _c1276004
_d1276004